Statistics for Oldest universities

Click here to take the quiz!

General Stats

  • This quiz has been taken 75 times
  • The average score is 15 of 40

Answer Stats

YearCountry (actual)University% Correct
1096UKOxford
97%
1209UKCambridge
92%
1303ItalyLa Sapienza (Rome)
75%
1088ItalyBologna
74%
1450SpainBarcelona
69%
1321ItalyFlorence
69%
1476GermanyMunich
66%
1224ItalyNaples
65%
1348CzechiaPrague
63%
1365AustriaVienna
60%
1404ItalyTurin
58%
1499SpainValencia
57%
1479DenmarkCopenhagen
52%
1481ItalyGenoa
52%
1364PolandJagellonian University (Kraków)
49%
1222ItalyPadua
45%
1343ItalyPisa
42%
1134SpainSalamanca
40%
1290PortugalCoimbra
35%
1386GermanyHeidelberg
32%
1409GermanyLeipzig
31%
1460SwitzerlandBasel
29%
1451UKGlasgow
29%
1240ItalySiena
29%
1477SwedenUppsala
29%
1413UKSt. Andrews
28%
1434ItalyCatania
22%
1391ItalyFerrara
22%
1361ItalyPavia
22%
1241SpainValladolid
20%
1308ItalyPerugia
15%
1495UKAberdeen
14%
1495SpainSantiago de Compostela
14%
1477GermanyTübingen
12%
1457GermanyFreiburg
11%
1336ItalyCamerino
6%
1456GermanyGreifswald
6%
1293SpainAlcalá
5%
1290ItalyMacerata
5%
1419GermanyRostock
3%

Score Distribution

Percentile by Number Answered

Percent of People with Each Score

Your Score History

You have not taken this quiz